2018 College Football AP Poll - Statistics

General Stats
  • This quiz has been taken 108 times
  • The average score is 294 of 400
Answer Stats
Week Rank Team W L Conference % Correct
Preseason 1 Alabama 0 0 SEC
100%
Week 1 (9/4) 1 Alabama 1 0 SEC
100%
Week 2 (9/9) 1 Alabama 2 0 SEC
100%
Week 3 (9/16) 1 Alabama 3 0 SEC
100%
Week 4 (9/23) 1 Alabama 4 0 SEC
100%
Week 5 (9/30) 1 Alabama 5 0 SEC
100%
Week 6 (10/7) 1 Alabama 6 0 SEC
100%
Week 7 (10/14) 1 Alabama 7 0 SEC
100%
Week 8 (10/21) 1 Alabama 8 0 SEC
100%
Week 9 (10/28) 1 Alabama 8 0 SEC
100%
Week 10 (11/4) 1 Alabama 9 0 SEC
100%
Week 11 (11/11) 1 Alabama 10 0 SEC
100%
Week 12 (11/18) 1 Alabama 11 0 SEC
100%
Week 13 (11/25) 1 Alabama 12 0 SEC
100%
Week 14 (12/2) 1 Alabama 13 0 SEC
100%
Postseason 2 Alabama 14 1 SEC
100%
Preseason 2 Clemson 0 0 ACC
97%
Week 1 (9/4) 2 Clemson 1 0 ACC
97%
Week 2 (9/9) 2 Clemson 2 0 ACC
97%
Week 3 (9/16) 3 Clemson 3 0 ACC
97%
Week 4 (9/23) 3 Clemson 4 0 ACC
97%
Week 5 (9/30) 4 Clemson 5 0 ACC
97%
Week 6 (10/7) 4 Clemson 6 0 ACC
97%
Week 7 (10/14) 3 Clemson 6 0 ACC
97%
Week 8 (10/21) 2 Clemson 7 0 ACC
97%
Week 9 (10/28) 2 Clemson 8 0 ACC
97%
Week 10 (11/4) 2 Clemson 9 0 ACC
97%
Week 11 (11/11) 2 Clemson 10 0 ACC
97%
Week 12 (11/18) 2 Clemson 11 0 ACC
97%
Week 13 (11/25) 2 Clemson 12 0 ACC
97%
Week 14 (12/2) 2 Clemson 13 0 ACC
97%
Postseason 1 Clemson 15 0 ACC
97%
Preseason 3 Georgia 0 0 SEC
97%
Week 1 (9/4) 3 Georgia 1 0 SEC
97%
Week 2 (9/9) 3 Georgia 2 0 SEC
97%
Week 3 (9/16) 2 Georgia 3 0 SEC
97%
Week 4 (9/23) 2 Georgia 4 0 SEC
97%
Week 5 (9/30) 2 Georgia 5 0 SEC
97%
Week 6 (10/7) 2 Georgia 6 0 SEC
97%
Week 7 (10/14) 8 Georgia 6 1 SEC
97%
Week 8 (10/21) 7 Georgia 6 1 SEC
97%
Week 9 (10/28) 6 Georgia 7 1 SEC
97%
Week 10 (11/4) 5 Georgia 8 1 SEC
97%
Week 11 (11/11) 5 Georgia 9 1 SEC
97%
Week 12 (11/18) 5 Georgia 10 1 SEC
97%
Week 13 (11/25) 4 Georgia 11 1 SEC
97%
Week 14 (12/2) 6 Georgia 11 2 SEC
97%
Postseason 7 Georgia 11 3 SEC
97%
Preseason 5 Ohio State 0 0 Big Ten
97%
Week 1 (9/4) 4 Ohio State 1 0 Big Ten
97%
Week 2 (9/9) 4 Ohio State 2 0 Big Ten
97%
Week 3 (9/16) 4 Ohio State 3 0 Big Ten
97%
Week 4 (9/23) 4 Ohio State 4 0 Big Ten
97%
Week 5 (9/30) 3 Ohio State 5 0 Big Ten
97%
Week 6 (10/7) 3 Ohio State 6 0 Big Ten
97%
Week 7 (10/14) 2 Ohio State 7 0 Big Ten
97%
Week 8 (10/21) 11 Ohio State 7 1 Big Ten
97%
Week 9 (10/28) 8 Ohio State 7 1 Big Ten
97%
Week 10 (11/4) 8 Ohio State 8 1 Big Ten
97%
Week 11 (11/11) 9 Ohio State 9 1 Big Ten
97%
Week 12 (11/18) 10 Ohio State 10 1 Big Ten
97%
Week 13 (11/25) 6 Ohio State 11 1 Big Ten
97%
Week 14 (12/2) 5 Ohio State 12 1 Big Ten
97%
Postseason 3 Ohio State 13 1 Big Ten
97%
Preseason 14 Michigan 0 0 Big Ten
95%
Week 1 (9/4) 21 Michigan 0 1 Big Ten
95%
Week 2 (9/9) 19 Michigan 1 1 Big Ten
95%
Week 3 (9/16) 19 Michigan 2 1 Big Ten
95%
Week 4 (9/23) 14 Michigan 3 1 Big Ten
95%
Week 5 (9/30) 15 Michigan 4 1 Big Ten
95%
Week 6 (10/7) 12 Michigan 5 1 Big Ten
95%
Week 7 (10/14) 6 Michigan 6 1 Big Ten
95%
Week 8 (10/21) 5 Michigan 7 1 Big Ten
95%
Week 9 (10/28) 5 Michigan 7 1 Big Ten
95%
Week 10 (11/4) 4 Michigan 8 1 Big Ten
95%
Week 11 (11/11) 4 Michigan 9 1 Big Ten
95%
Week 12 (11/18) 4 Michigan 10 1 Big Ten
95%
Week 13 (11/25) 8 Michigan 10 2 Big Ten
95%
Week 14 (12/2) 8 Michigan 10 2 Big Ten
95%
Postseason 14 Michigan 10 3 Big Ten
95%
Preseason 7 Oklahoma 0 0 Big 12
95%
Week 1 (9/4) 6 Oklahoma 1 0 Big 12
95%
Week 2 (9/9) 5 Oklahoma 2 0 Big 12
95%
Week 3 (9/16) 5 Oklahoma 3 0 Big 12
95%
Week 4 (9/23) 6 Oklahoma 4 0 Big 12
95%
Week 5 (9/30) 7 Oklahoma 5 0 Big 12
95%
Week 6 (10/7) 11 Oklahoma 5 1 Big 12
95%
Week 7 (10/14) 9 Oklahoma 5 1 Big 12
95%
Week 8 (10/21) 8 Oklahoma 6 1 Big 12
95%
Week 9 (10/28) 7 Oklahoma 7 1 Big 12
95%
Week 10 (11/4) 6 Oklahoma 8 1 Big 12
95%
Week 11 (11/11) 6 Oklahoma 9 1 Big 12
95%
Week 12 (11/18) 6 Oklahoma 10 1 Big 12
95%
Week 13 (11/25) 5 Oklahoma 11 1 Big 12
95%
Week 14 (12/2) 4 Oklahoma 12 1 Big 12
95%
Postseason 4 Oklahoma 12 2 Big 12
95%
Week 1 (9/4) 25 Florida 1 0 SEC
94%
Week 5 (9/30) 22 Florida 4 1 SEC
94%
Week 6 (10/7) 14 Florida 5 1 SEC
94%
Week 7 (10/14) 11 Florida 6 1 SEC
94%
Week 8 (10/21) 9 Florida 6 1 SEC
94%
Week 9 (10/28) 13 Florida 6 2 SEC
94%
Week 10 (11/4) 19 Florida 6 3 SEC
94%
Week 11 (11/11) 15 Florida 7 3 SEC
94%
Week 12 (11/18) 13 Florida 8 3 SEC
94%
Week 13 (11/25) 11 Florida 9 3 SEC
94%
Week 14 (12/2) 10 Florida 9 3 SEC
94%
Postseason 7 Florida 10 3 SEC
94%
Preseason 23 Texas 0 0 Big 12
94%
Week 4 (9/23) 18 Texas 3 1 Big 12
94%
Week 5 (9/30) 19 Texas 4 1 Big 12
94%
Week 6 (10/7) 9 Texas 5 1 Big 12
94%
Week 7 (10/14) 7 Texas 6 1 Big 12
94%
Week 8 (10/21) 6 Texas 6 1 Big 12
94%
Week 9 (10/28) 15 Texas 6 2 Big 12
94%
Week 10 (11/4) 15 Texas 6 3 Big 12
94%
Week 11 (11/11) 13 Texas 7 3 Big 12
94%
Week 12 (11/18) 11 Texas 8 3 Big 12
94%
Week 13 (11/25) 9 Texas 9 3 Big 12
94%
Week 14 (12/2) 14 Texas 9 4 Big 12
94%
Postseason 9 Texas 10 4 Big 12
94%
Preseason 6 Washington 0 0 Pac-12
89%
Week 1 (9/4) 9 Washington 0 1 Pac-12
89%
Week 2 (9/9) 10 Washington 1 1 Pac-12
89%
Week 3 (9/16) 10 Washington 2 1 Pac-12
89%
Week 4 (9/23) 11 Washington 3 1 Pac-12
89%
Week 5 (9/30) 10 Washington 4 1 Pac-12
89%
Week 6 (10/7) 7 Washington 5 1 Pac-12
89%
Week 7 (10/14) 15 Washington 5 2 Pac-12
89%
Week 8 (10/21) 15 Washington 6 2 Pac-12
89%
Week 10 (11/4) 20 Washington 7 3 Pac-12
89%
Week 11 (11/11) 17 Washington 7 3 Pac-12
89%
Week 12 (11/18) 16 Washington 8 3 Pac-12
89%
Week 13 (11/25) 10 Washington 9 3 Pac-12
89%
Week 14 (12/2) 9 Washington 10 3 Pac-12
89%
Postseason 13 Washington 10 4 Pac-12
89%
Preseason 25 LSU 0 0 SEC
88%
Week 1 (9/4) 11 LSU 1 0 SEC
88%
Week 2 (9/9) 12 LSU 2 0 SEC
88%
Week 3 (9/16) 6 LSU 3 0 SEC
88%
Week 4 (9/23) 5 LSU 4 0 SEC
88%
Week 5 (9/30) 5 LSU 5 0 SEC
88%
Week 6 (10/7) 13 LSU 5 1 SEC
88%
Week 7 (10/14) 5 LSU 6 1 SEC
88%
Week 8 (10/21) 4 LSU 7 1 SEC
88%
Week 9 (10/28) 4 LSU 7 1 SEC
88%
Week 10 (11/4) 9 LSU 7 2 SEC
88%
Week 11 (11/11) 10 LSU 8 2 SEC
88%
Week 12 (11/18) 8 LSU 9 2 SEC
88%
Week 13 (11/25) 12 LSU 9 3 SEC
88%
Week 14 (12/2) 11 LSU 9 3 SEC
88%
Postseason 6 LSU 10 3 SEC
88%
Preseason 12 Notre Dame 0 0 Independent
88%
Week 1 (9/4) 8 Notre Dame 1 0 Independent
88%
Week 2 (9/9) 8 Notre Dame 2 0 Independent
88%
Week 3 (9/16) 8 Notre Dame 3 0 Independent
88%
Week 4 (9/23) 8 Notre Dame 4 0 Independent
88%
Week 5 (9/30) 6 Notre Dame 5 0 Independent
88%
Week 6 (10/7) 5 Notre Dame 6 0 Independent
88%
Week 7 (10/14) 4 Notre Dame 7 0 Independent
88%
Week 8 (10/21) 3 Notre Dame 7 0 Independent
88%
Week 9 (10/28) 3 Notre Dame 8 0 Independent
88%
Week 10 (11/4) 3 Notre Dame 9 0 Independent
88%
Week 11 (11/11) 3 Notre Dame 10 0 Independent
88%
Week 12 (11/18) 3 Notre Dame 11 0 Independent
88%
Week 13 (11/25) 3 Notre Dame 12 0 Independent
88%
Week 14 (12/2) 3 Notre Dame 12 0 Independent
88%
Postseason 5 Notre Dame 12 1 Independent
88%
Preseason 24 Oregon 0 0 Pac-12
88%
Week 1 (9/4) 23 Oregon 1 0 Pac-12
88%
Week 2 (9/9) 20 Oregon 2 0 Pac-12
88%
Week 3 (9/16) 20 Oregon 3 0 Pac-12
88%
Week 4 (9/23) 19 Oregon 3 1 Pac-12
88%
Week 5 (9/30) 18 Oregon 4 1 Pac-12
88%
Week 6 (10/7) 17 Oregon 4 1 Pac-12
88%
Week 7 (10/14) 12 Oregon 5 1 Pac-12
88%
Week 8 (10/21) 19 Oregon 5 2 Pac-12
88%
Preseason 19 Florida State 0 0 ACC
83%
Preseason 11 Michigan State 0 0 Big Ten
83%
Week 1 (9/4) 15 Michigan State 1 0 Big Ten
83%
Week 2 (9/9) 25 Michigan State 1 1 Big Ten
83%
Week 3 (9/16) 24 Michigan State 1 1 Big Ten
83%
Week 4 (9/23) 21 Michigan State 2 1 Big Ten
83%
Week 5 (9/30) 20 Michigan State 3 1 Big Ten
83%
Week 7 (10/14) 24 Michigan State 4 2 Big Ten
83%
Week 10 (11/4) 24 Michigan State 6 3 Big Ten
83%
Preseason 10 Penn State 0 0 Big Ten
83%
Week 1 (9/4) 13 Penn State 1 0 Big Ten
83%
Week 2 (9/9) 11 Penn State 2 0 Big Ten
83%
Week 3 (9/16) 10 Penn State 3 0 Big Ten
83%
Week 4 (9/23) 9 Penn State 4 0 Big Ten
83%
Week 5 (9/30) 11 Penn State 4 1 Big Ten
83%
Week 6 (10/7) 8 Penn State 4 1 Big Ten
83%
Week 7 (10/14) 18 Penn State 4 2 Big Ten
83%
Week 8 (10/21) 17 Penn State 5 2 Big Ten
83%
Week 9 (10/28) 14 Penn State 6 2 Big Ten
83%
Week 10 (11/4) 21 Penn State 6 3 Big Ten
83%
Week 11 (11/11) 16 Penn State 7 3 Big Ten
83%
Week 12 (11/18) 15 Penn State 8 3 Big Ten
83%
Week 13 (11/25) 14 Penn State 9 3 Big Ten
83%
Week 14 (12/2) 13 Penn State 9 3 Big Ten
83%
Postseason 17 Penn State 9 4 Big Ten
83%
Preseason 15 USC 0 0 Pac-12
83%
Week 1 (9/4) 17 USC 1 0 Pac-12
83%
Week 2 (9/9) 22 USC 1 1 Pac-12
83%
Preseason 4 Wisconsin 0 0 Big Ten
79%
Week 1 (9/4) 5 Wisconsin 1 0 Big Ten
79%
Week 2 (9/9) 6 Wisconsin 2 0 Big Ten
79%
Week 3 (9/16) 18 Wisconsin 2 1 Big Ten
79%
Week 4 (9/23) 15 Wisconsin 3 1 Big Ten
79%
Week 5 (9/30) 16 Wisconsin 3 1 Big Ten
79%
Week 6 (10/7) 15 Wisconsin 4 1 Big Ten
79%
Week 7 (10/14) 23 Wisconsin 4 2 Big Ten
79%
Week 8 (10/21) 20 Wisconsin 5 2 Big Ten
79%
Week 3 (9/16) 22 Texas A&M 2 1 SEC
73%
Week 6 (10/7) 22 Texas A&M 4 2 SEC
73%
Week 7 (10/14) 17 Texas A&M 5 2 SEC
73%
Week 8 (10/21) 16 Texas A&M 5 2 SEC
73%
Week 9 (10/28) 25 Texas A&M 5 3 SEC
73%
Week 13 (11/25) 22 Texas A&M 8 4 SEC
73%
Week 14 (12/2) 21 Texas A&M 8 4 SEC
73%
Postseason 16 Texas A&M 9 4 SEC
73%
Preseason 9 Auburn 0 0 SEC
71%
Week 1 (9/4) 7 Auburn 1 0 SEC
71%
Week 2 (9/9) 7 Auburn 2 0 SEC
71%
Week 3 (9/16) 9 Auburn 2 1 SEC
71%
Week 4 (9/23) 10 Auburn 3 1 SEC
71%
Week 5 (9/30) 8 Auburn 4 1 SEC
71%
Week 6 (10/7) 21 Auburn 4 2 SEC
71%
Week 7 (10/14) 19 Iowa 5 1 Big Ten
71%
Week 8 (10/21) 18 Iowa 6 1 Big Ten
71%
Week 9 (10/28) 19 Iowa 6 2 Big Ten
71%
Postseason 25 Iowa 9 4 Big Ten
71%
Preseason 8 Miami 0 0 ACC
70%
Week 1 (9/4) 22 Miami 0 1 ACC
70%
Week 2 (9/9) 21 Miami 1 1 ACC
70%
Week 3 (9/16) 21 Miami 2 1 ACC
70%
Week 4 (9/23) 16 Miami 3 1 ACC
70%
Week 5 (9/30) 17 Miami 4 1 ACC
70%
Week 6 (10/7) 16 Miami 5 1 ACC
70%
Week 4 (9/23) 25 Texas Tech 3 1 Big 12
64%
Week 8 (10/21) 23 Utah 5 2 Pac-12
64%
Week 9 (10/28) 16 Utah 6 2 Pac-12
64%
Week 11 (11/11) 21 Utah 7 3 Pac-12
64%
Week 12 (11/18) 18 Utah 8 3 Pac-12
64%
Week 13 (11/25) 17 Utah 9 3 Pac-12
64%
Week 14 (12/2) 20 Utah 9 4 Pac-12
64%
Preseason 22 Boise State 0 0 Mountain West
62%
Week 1 (9/4) 20 Boise State 1 0 Mountain West
62%
Week 2 (9/9) 17 Boise State 2 0 Mountain West
62%
Week 11 (11/11) 23 Boise State 8 2 Mountain West
62%
Week 12 (11/18) 21 Boise State 9 2 Mountain West
62%
Week 13 (11/25) 19 Boise State 10 2 Mountain West
62%
Week 14 (12/2) 23 Boise State 10 3 Mountain West
62%
Postseason 23 Boise State 10 3 Mountain West
62%
Week 2 (9/9) 24 Oklahoma State 2 0 Big 12
61%
Week 3 (9/16) 15 Oklahoma State 3 0 Big 12
61%
Week 5 (9/30) 25 Oklahoma State 4 1 Big 12
61%
Preseason 21 UCF 0 0 American
61%
Week 1 (9/4) 19 UCF 1 0 American
61%
Week 2 (9/9) 18 UCF 2 0 American
61%
Week 3 (9/16) 16 UCF 2 0 American
61%
Week 4 (9/23) 13 UCF 3 0 American
61%
Week 5 (9/30) 12 UCF 4 0 American
61%
Week 6 (10/7) 10 UCF 5 0 American
61%
Week 7 (10/14) 10 UCF 6 0 American
61%
Week 8 (10/21) 10 UCF 7 0 American
61%
Week 9 (10/28) 9 UCF 7 0 American
61%
Week 10 (11/4) 11 UCF 8 0 American
61%
Week 11 (11/11) 11 UCF 9 0 American
61%
Week 12 (11/18) 8 UCF 10 0 American
61%
Week 13 (11/25) 7 UCF 11 0 American
61%
Week 14 (12/2) 7 UCF 12 0 American
61%
Postseason 11 UCF 12 1 American
61%
Week 7 (10/14) 25 Washington State 5 1 Pac-12
59%
Week 8 (10/21) 14 Washington State 6 1 Pac-12
59%
Week 9 (10/28) 10 Washington State 7 1 Pac-12
59%
Week 10 (11/4) 10 Washington State 8 1 Pac-12
59%
Week 11 (11/11) 8 Washington State 9 1 Pac-12
59%
Week 12 (11/18) 7 Washington State 10 1 Pac-12
59%
Week 13 (11/25) 12 Washington State 10 2 Pac-12
59%
Week 14 (12/2) 12 Washington State 10 2 Pac-12
59%
Postseason 10 Washington State 11 2 Pac-12
59%
Week 9 (10/28) 23 Virginia 6 2 ACC
58%
Week 4 (9/23) 17 Kentucky 4 0 SEC
56%
Week 5 (9/30) 13 Kentucky 5 0 SEC
56%
Week 6 (10/7) 18 Kentucky 5 1 SEC
56%
Week 7 (10/14) 14 Kentucky 5 1 SEC
56%
Week 8 (10/21) 12 Kentucky 6 1 SEC
56%
Week 9 (10/28) 11 Kentucky 7 1 SEC
56%
Week 10 (11/4) 12 Kentucky 7 2 SEC
56%
Week 11 (11/11) 20 Kentucky 7 3 SEC
56%
Week 12 (11/18) 17 Kentucky 8 3 SEC
56%
Week 13 (11/25) 16 Kentucky 9 3 SEC
56%
Week 14 (12/2) 16 Kentucky 9 3 SEC
56%
Postseason 12 Kentucky 10 3 SEC
56%
Preseason 18 Mississippi State 0 0 SEC
56%
Week 1 (9/4) 18 Mississippi State 1 0 SEC
56%
Week 2 (9/9) 16 Mississippi State 2 0 SEC
56%
Week 3 (9/16) 14 Mississippi State 3 0 SEC
56%
Week 4 (9/23) 23 Mississippi State 3 1 SEC
56%
Week 6 (10/7) 24 Mississippi State 4 2 SEC
56%
Week 7 (10/14) 22 Mississippi State 4 2 SEC
56%
Week 9 (10/28) 21 Mississippi State 5 3 SEC
56%
Week 10 (11/4) 18 Mississippi State 6 3 SEC
56%
Week 11 (11/11) 25 Mississippi State 6 4 SEC
56%
Week 12 (11/18) 22 Mississippi State 7 4 SEC
56%
Week 13 (11/25) 20 Mississippi State 8 4 SEC
56%
Week 14 (12/2) 18 Mississippi State 8 4 SEC
56%
Preseason 13 Stanford 0 0 Pac-12
56%
Week 1 (9/4) 10 Stanford 1 0 Pac-12
56%
Week 2 (9/9) 9 Stanford 2 0 Pac-12
56%
Week 3 (9/16) 7 Stanford 3 0 Pac-12
56%
Week 4 (9/23) 7 Stanford 4 0 Pac-12
56%
Week 5 (9/30) 14 Stanford 4 1 Pac-12
56%
Week 8 (10/21) 24 Stanford 5 2 Pac-12
56%
Preseason 16 TCU 0 0 Big 12
56%
Week 1 (9/4) 16 TCU 1 0 Big 12
56%
Week 2 (9/9) 15 TCU 2 0 Big 12
56%
Week 3 (9/16) 17 TCU 2 1 Big 12
56%
Week 2 (9/9) 23 Arizona State 2 0 Pac-12
53%
Week 10 (11/4) 23 Iowa State 5 3 Big 12
52%
Week 11 (11/11) 18 Iowa State 6 3 Big 12
52%
Week 12 (11/18) 25 Iowa State 6 4 Big 12
52%
Week 13 (11/25) 24 Iowa State 7 4 Big 12
52%
Week 14 (12/2) 25 Iowa State 8 4 Big 12
52%
Week 5 (9/30) 23 NC State 4 0 ACC
52%
Week 6 (10/7) 20 NC State 5 0 ACC
52%
Week 7 (10/14) 16 NC State 5 0 ACC
52%
Week 8 (10/21) 22 NC State 5 1 ACC
52%
Week 10 (11/4) 22 NC State 6 2 ACC
52%
Preseason 20 Virginia Tech 0 0 ACC
52%
Week 1 (9/4) 12 Virginia Tech 1 0 ACC
52%
Week 2 (9/9) 13 Virginia Tech 2 0 ACC
52%
Week 3 (9/16) 13 Virginia Tech 2 0 ACC
52%
Week 5 (9/30) 24 Virginia Tech 3 1 ACC
52%
Preseason 17 West Virginia 0 0 Big 12
52%
Week 1 (9/4) 14 West Virginia 1 0 Big 12
52%
Week 2 (9/9) 14 West Virginia 2 0 Big 12
52%
Week 3 (9/16) 12 West Virginia 2 0 Big 12
52%
Week 4 (9/23) 12 West Virginia 3 0 Big 12
52%
Week 5 (9/30) 9 West Virginia 4 0 Big 12
52%
Week 6 (10/7) 6 West Virginia 5 0 Big 12
52%
Week 7 (10/14) 13 West Virginia 5 1 Big 12
52%
Week 8 (10/21) 13 West Virginia 5 1 Big 12
52%
Week 9 (10/28) 12 West Virginia 6 1 Big 12
52%
Week 10 (11/4) 7 West Virginia 7 1 Big 12
52%
Week 11 (11/11) 7 West Virginia 8 1 Big 12
52%
Week 12 (11/18) 12 West Virginia 8 2 Big 12
52%
Week 13 (11/25) 15 West Virginia 8 3 Big 12
52%
Week 14 (12/2) 15 West Virginia 8 3 Big 12
52%
Postseason 20 West Virginia 8 4 Big 12
52%
Week 4 (9/23) 22 Duke 4 0 ACC
50%
Week 4 (9/23) 24 California 3 0 Pac-12
48%
Week 1 (9/4) 24 South Carolina 1 0 SEC
47%
Week 3 (9/16) 25 BYU 2 1 Independent
44%
Week 4 (9/23) 20 BYU 3 1 Independent
44%
Week 14 (12/2) 24 Missouri 8 4 SEC
44%
Week 6 (10/7) 25 Cincinnati 6 0 American
42%
Week 7 (10/14) 20 Cincinnati 6 0 American
42%
Week 10 (11/4) 25 Cincinnati 8 1 American
42%
Week 11 (11/11) 19 Cincinnati 9 1 American
42%
Postseason 24 Cincinnati 11 2 American
42%
Week 5 (9/30) 21 Colorado 4 0 Pac-12
42%
Week 6 (10/7) 19 Colorado 5 0 Pac-12
42%
Week 12 (11/18) 24 Pittsburgh 7 4 ACC
41%
Week 9 (10/28) 17 Houston 7 1 American
36%
Week 9 (10/28) 22 Syracuse 6 2 ACC
36%
Week 10 (11/4) 13 Syracuse 7 2 ACC
36%
Week 11 (11/11) 12 Syracuse 8 2 ACC
36%
Week 12 (11/18) 19 Syracuse 8 3 ACC
36%
Week 13 (11/25) 18 Syracuse 9 3 ACC
36%
Week 14 (12/2) 17 Syracuse 9 3 ACC
36%
Postseason 15 Syracuse 10 3 ACC
36%
Week 6 (10/7) 23 South Florida 5 0 American
35%
Week 7 (10/14) 21 South Florida 6 0 American
35%
Week 8 (10/21) 21 South Florida 7 0 American
35%
Week 12 (11/18) 23 Army 9 2 Independent
32%
Week 13 (11/25) 23 Army 9 2 Independent
32%
Week 14 (12/2) 22 Army 9 2 Independent
32%
Postseason 19 Army 11 2 Independent
32%
Week 3 (9/16) 23 Boston College 3 0 ACC
30%
Week 9 (10/28) 24 Boston College 6 2 ACC
30%
Week 10 (11/4) 17 Boston College 7 2 ACC
30%
Week 11 (11/11) 22 Boston College 7 3 ACC
30%
Week 11 (11/11) 24 Northwestern 6 4 Big Ten
26%
Week 12 (11/18) 20 Northwestern 7 4 Big Ten
26%
Week 13 (11/25) 21 Northwestern 8 4 Big Ten
26%
Postseason 21 Northwestern 9 5 Big Ten
26%
Week 9 (10/28) 20 Fresno State 7 1 Mountain West
18%
Week 10 (11/4) 16 Fresno State 8 1 Mountain West
18%
Week 13 (11/25) 25 Fresno State 10 2 Mountain West
18%
Week 14 (12/2) 19 Fresno State 11 2 Mountain West
18%
Postseason 18 Fresno State 12 2 Mountain West
18%
Week 9 (10/28) 18 Utah State 7 1 Mountain West
15%
Week 10 (11/4) 14 Utah State 8 1 Mountain West
15%
Week 11 (11/11) 14 Utah State 9 1 Mountain West
15%
Week 12 (11/18) 14 Utah State 10 1 Mountain West
15%
Postseason 22 Utah State 11 2 Mountain West
15%
Week 8 (10/21) 25 Appalachian State 5 1 Sun Belt
11%
No matching quizzes found
Score Distribution
Percent of People with Each Score
Percentile by Number Answered
Your Score History
You have not taken this quiz